000 00259nam a22001097a 4500
082 _a519.4 BEL
100 _aBELL D.A
_978541
245 _aSTATISTICAL METHODS IN ELECTRICAL ENGINEERING
260 _aPDF
_bCHAPMAN & HALL
_c1953
300 _a173P
942 _cBK
999 _c583651
_d583651